000 00364cam a2200169ua 4500
001 69
008 150302n II |||gr||||Z||||||eng
040 _aMAIN
041 _aEnglish
082 _a320 LOC
100 _aLOCK, HUME, ROSSEOUE.
245 _aSOCIAL CONTRACT
260 _a[s.l]:
_bXXX
300 _a000.:
_c20CM.
653 _aPolitical science
942 _cBK
999 _c69
_d69